[Event "NOR-chT West final 1920"]
[Site "Bergen"]
[Date "2020.03.01"]
[Round "1"]
[White "Kvaloy, Aksel Bu"]
[Black "Fossan, Benjamin"]
[Result "1-0"]
[WhiteElo "2174"]
[BlackElo "1929"]
[PlyCount "103"]
[EventDate "2020.03.01"]
[EventType "match"]
[EventRounds "1"]
[EventCountry "NOR"]
[SourceTitle "EXT 2024"]
[Source "ChessBase"]
[SourceDate "2023.10.10"]
[SourceVersion "1"]
[SourceVersionDate "2023.10.10"]
[SourceQuality "1"]
[WhiteTeam "Stavanger"]
[BlackTeam "Haukas"]
[WhiteTeamCountry "NOR"]
[BlackTeamCountry "NOR"]

1. e4 c5 2. Nf3 Nc6 3. Bb5 g6 4. 0-0 Bg7 5. Re1 e5 6. Bxc6 dxc6 7. d3 Qc7 8. a3 Nf6 9. b4 cxb4 10. axb4 Bg4 11. Nbd2 0-0 12. h3 Bxf3 13. Nxf3 Nd7 14. Bb2 Rfe8 15. Qd2 a6 16. d4 exd4 17. Bxd4 Ne5 18. Nxe5 Bxe5 19. Bxe5 Rxe5 20. f4 Ree8 21. Qf2 Rad8 22. c3 Rd3 23. f5 Qe5 24. Qb6 Qxc3 25. Qxb7 Rd2 26. Qxa6 Qb2 27. Qf1 Qxb4 28. e5 Qd4+ 29. Kh1 Rf2 30. Qg1 Qf4 31. e6 fxe6 32. Rxe6 Rxe6 33. fxe6 Kf8 34. Qd1 Qd2 35. Qb3 Rxg2 36. Qf3+ Ke7 37. Qxg2 Qd5 38. Qxd5 cxd5 39. Kg2 Kxe6 40. Kf3 Ke5 41. Ke3 g5 42. Ra7 h5 43. Rh7 d4+ 44. Kd3 h4 45. Rg7 Kf4 46. Kxd4 Kg3 47. Rxg5+ Kxh3 48. Ke3 Kh2 49. Kf2 Kh3 50. Rh5 Kg4 51. Rh8 Kh3 52. Kf3 1-0

[Event "Bergen Grand Prix"]
[Site "Bergen"]
[Date "2019.11.17"]
[Round "5"]
[White "Fossan, Benjamin"]
[Black "Rasmussen, Jonas H"]
[Result "0-1"]
[WhiteElo "1942"]
[BlackElo "1951"]
[PlyCount "188"]
[EventDate "2019.11.15"]
[EventType "swiss"]
[EventRounds "5"]
[EventCountry "NOR"]
[SourceTitle "CBM 193 Extra"]
[Source "ChessBase"]
[SourceDate "2020.01.31"]
[SourceVersion "1"]
[SourceVersionDate "2020.01.31"]
[SourceQuality "1"]

1. e4 e5 2. Nf3 Nc6 3. Bc4 Bc5 4. d3 Nf6 5. Nc3 h6 6. Be3 Bb6 7. h3 d6 8. a3 Be6 9. Ba2 0-0 10. 0-0 Ne7 11. d4 Bxa2 12. Rxa2 Ng6 13. dxe5 dxe5 14. Bxb6 axb6 15. Ra1 Qe7 16. Nd5 Nxd5 17. Qxd5 c6 18. Qb3 b5 19. Rad1 Ra4 20. Rfe1 Rd8 21. c3 Rxd1 22. Qxd1 Ra8 23. Qc2 Qe6 24. Rd1 Nf4 25. Kh2 Qf6 26. Rd2 Re8 27. Ne1 Re6 28. g3 Ng6 29. Qd1 Nf8 30. Kg2 Qg6 31. Qg4 Qf6 32. Qd1 Qe7 33. Nc2 Qg5 34. Ne3 Ng6 35. Kh2 h5 36. h4 Qe7 37. Qxh5 Nf8 38. Nf5 Qf6 39. Qg5 Qxg5 40. hxg5 g6 41. Nh6+ Kg7 42. Rd8 Re7 43. Ng4 Ne6 44. Rd3 Nxg5 45. f3 Nh7 46. Kg2 Nf8 47. Kf2 Nd7 48. Ne3 Nc5 49. Rd6 Na4 50. Rd2 Nb6 51. b3 Rc7 52. c4 bxc4 53. Nxc4 Nxc4 54. bxc4 Kf6 55. c5 Ke7 56. Ke3 Rd7 57. Rxd7+ Kxd7 58. f4 Ke6 59. a4 f6 60. Kf3 f5 61. Ke3 Kf6 62. Kf3 exf4 63. gxf4 fxe4+ 64. Kxe4 Ke6 65. Kd4 Kf5 66. Ke3 Kf6 67. Ke4 Ke6 68. Kd4 Kf5 69. Ke3 g5 70. fxg5 Kxg5 71. Ke4 Kf6 72. Kf4 Ke6 73. Ke4 Kd7 74. Ke5 Kc7 75. Ke6 Kb8 76. Kd7 Ka7 77. Kd6 Kb8 78. Kd7 Ka7 79. Kc7 Ka6 80. Kc8 b5 81. Kc7 bxa4 82. Kxc6 a3 83. Kd7 a2 84. c6 a1Q 85. c7 Qd4+ 86. Kc8 Qh8+ 87. Kd7 Kb7 88. Kd6 Qc8 89. Ke7 Qxc7+ 90. Ke6 Qd8 91. Ke5 Kc6 92. Ke6 Qe8+ 93. Kf5 Kd5 94. Kf4 Qe4+ 0-1

[Event "Stavanger op"]
[Site "Stavanger"]
[Date "2018.10.10"]
[Round "1"]
[White "Opseth, Oliver"]
[Black "Fossan, Benjamin"]
[Result "0-1"]
[WhiteElo "1643"]
[BlackElo "1943"]
[PlyCount "66"]
[EventDate "2018.10.10"]
[EventType "swiss"]
[EventRounds "9"]
[EventCountry "NOR"]
[SourceTitle "CBM 186 Extra"]
[Source "ChessBase"]
[SourceDate "2018.08.24"]
[SourceVersion "1"]
[SourceVersionDate "2018.08.24"]
[SourceQuality "1"]

1. d4 Nf6 2. Bf4 g6 3. e3 Bg7 4. Nd2 d6 5. Ngf3 Nbd7 6. Bd3 0-0 7. e4 Qe8 8. c3 e5 9. dxe5 Nh5 10. Be3 Nxe5 11. Nxe5 Bxe5 12. g3 Bg7 13. g4 Nf6 14. f3 b6 15. Qe2 d5 16. h4 Bb7 17. Bf4 dxe4 18. fxe4 Qd7 19. 0-0-0 Qxg4 20. Qf2 Nh5 21. Bh2 Qe6 22. Kb1 Rad8 23. Bc2 Rd7 24. Rde1 Nf6 25. Bf4 h5 26. Rhg1 c5 27. Bb3 Qc6 28. Rxg6 Ng4 29. Rxc6 Nxf2 30. Rd6 Rfd8 31. Rxd7 Rxd7 32. Bb8 Rxd2 33. Bxa7 Nd3 0-1

[Event "Helsingor Xtracon op"]
[Site "Helsingor"]
[Date "2017.07.27"]
[Round "7"]
[White "Fossan, Benjamin"]
[Black "Warston, Hakan"]
[Result "1-0"]
[WhiteElo "1855"]
[BlackElo "1623"]
[PlyCount "47"]
[EventDate "2017.07.22"]
[EventType "swiss"]
[EventRounds "10"]
[EventCountry "DEN"]
[SourceTitle "CBM 179 Extra"]
[Source "ChessBase"]
[SourceDate "2017.08.23"]
[SourceVersion "1"]
[SourceVersionDate "2017.08.23"]
[SourceQuality "1"]

1. e4 e6 2. d4 d5 3. Nc3 Nf6 4. e5 Nfd7 5. f4 c5 6. Nf3 Nc6 7. Be3 a6 8. Be2 Be7 9. 0-0 0-0 10. Qd2 b5 11. Nd1 cxd4 12. Nxd4 Nxd4 13. Bxd4 Bb7 14. Bg4 g6 15. Ne3 Nc5 16. Bf3 Bc8 17. g4 Bd7 18. Qg2 Qe8 19. g5 Kg7 20. Qh3 Rh8 21. Nxd5 Bd8 22. Qh6+ Kg8 23. Nf6+ Bxf6 24. exf6 1-0

[Event "Helsingor Xtracon op"]
[Site "Helsingor"]
[Date "2017.07.25"]
[Round "5"]
[White "Fossan, Benjamin"]
[Black "Petersson, Baldur Teodor"]
[Result "1/2-1/2"]
[WhiteElo "1855"]
[BlackElo "2086"]
[PlyCount "97"]
[EventDate "2017.07.22"]
[EventType "swiss"]
[EventRounds "10"]
[EventCountry "DEN"]
[SourceTitle "CBM 179 Extra"]
[Source "ChessBase"]
[SourceDate "2017.08.23"]
[SourceVersion "1"]
[SourceVersionDate "2017.08.23"]
[SourceQuality "1"]

1. c4 Nf6 2. Nc3 g6 3. g3 Bg7 4. Bg2 0-0 5. e4 d6 6. Nge2 c5 7. 0-0 Nc6 8. a3 a6 9. Rb1 Nd7 10. b4 Nde5 11. d3 b5 12. f4 cxb4 13. axb4 Qb6+ 14. c5 dxc5 15. Nd5 Qa7 16. fxe5 Nxb4 17. Nxb4 cxb4+ 18. Kh1 Bxe5 19. Rxb4 Bg4 20. Bf3 Bh3 21. Rg1 Bd6 22. Rb2 Bc5 23. d4 Rfd8 24. Be3 e5 25. Rd2 exd4 26. Bxd4 Be6 27. Bxc5 Rxd2 28. Bxa7 Rxd1 29. Rxd1 Rxa7 30. Nf4 Bc4 31. Be2 Bxe2 32. Nxe2 b4 33. Ra1 a5 34. Nd4 a4 35. Rb1 a3 36. Rxb4 a2 37. Nb3 Ra3 38. Na1 Rc3 39. Kg2 Rc1 40. Nb3 Rc2+ 41. Kh3 Rb2 42. Ra4 Rxb3 43. Rxa2 Re3 44. Ra4 h5 45. Kh4 Kg7 46. g4 Kh6 47. gxh5 gxh5 48. Ra6+ Kg7 49. Kxh5 1/2-1/2

[Event "Helsingor Xtracon op"]
[Site "Helsingor"]
[Date "2017.07.24"]
[Round "4"]
[White "Fossan, Benjamin"]
[Black "Saren, Bjorn"]
[Result "1/2-1/2"]
[WhiteElo "1855"]
[BlackElo "2051"]
[PlyCount "33"]
[EventDate "2017.07.22"]
[EventType "swiss"]
[EventRounds "10"]
[EventCountry "DEN"]
[SourceTitle "CBM 179 Extra"]
[Source "ChessBase"]
[SourceDate "2017.08.23"]
[SourceVersion "1"]
[SourceVersionDate "2017.08.23"]
[SourceQuality "1"]

1. e4 c5 2. Nf3 d6 3. Bb5+ Nd7 4. d4 cxd4 5. Qxd4 Ngf6 6. Bg5 a6 7. Bxd7+ Bxd7 8. Nc3 e6 9. 0-0-0 Be7 10. e5 dxe5 11. Nxe5 Bc6 12. Nxc6 bxc6 13. Qxd8+ Bxd8 14. Rd6 Rc8 15. Kb1 Be7 16. Rd2 Ne4 17. Nxe4 1/2-1/2

[Event "NOR-ch U20"]
[Site "Stavanger"]
[Date "2017.07.07"]
[Round "8"]
[White "Fossan, Benjamin"]
[Black "Kyrkjebo, Hannah Bakken"]
[Result "0-1"]
[WhiteElo "1855"]
[BlackElo "1923"]
[PlyCount "112"]
[EventDate "2017.07.01"]
[EventType "swiss"]
[EventRounds "9"]
[EventCountry "NOR"]
[SourceTitle "EXT 2018"]
[Source "ChessBase"]
[SourceDate "2017.10.13"]
[SourceVersion "1"]
[SourceVersionDate "2017.10.13"]
[SourceQuality "1"]

1. e4 e5 2. Nf3 Nc6 3. Bc4 Bc5 4. Nc3 Nf6 5. d3 d6 6. Bg5 h6 7. Bxf6 Qxf6 8. Nd5 Qd8 9. c3 a6 10. d4 exd4 11. cxd4 Ba7 12. h3 0-0 13. 0-0 b5 14. Bb3 Na5 15. Bc2 c6 16. Ne3 c5 17. b3 Re8 18. Rc1 Nc6 19. d5 Ne5 20. Nd2 Ng6 21. Kh2 Bd7 22. Bb1 Rc8 23. g3 Nf8 24. Ng2 Rc7 25. f4 Qc8 26. Qh5 c4 27. Nf3 c3 28. Bc2 b4 29. g4 Bb5 30. Rh1 Be2 31. Nfh4 Qd8 32. Rce1 Bb5 33. Ne3 Bxe3 34. Rxe3 Qf6 35. Ng2 Qd8 36. h4 g6 37. Qxh6 f6 38. f5 g5 39. hxg5 Rh7 40. Rh3 Rxh6 41. Rxh6 fxg5 42. Kg3 Qe7 43. Rh8+ Kg7 44. Kf3 Qe5 45. R1h5 Bf1 46. R8h6 Bxg2+ 47. Kxg2 Qf4 48. f6+ Kf7 49. e5 Rxe5 50. Rh7+ Nxh7 51. Rxh7+ Kxf6 52. Rh6+ Ke7 53. Rh7+ Kd8 54. Rh8+ Kc7 55. Rh7+ Kb6 56. Bd3 Qd2+ 0-1

[Event "NOR-ch U20"]
[Site "Stavanger"]
[Date "2017.07.05"]
[Round "6"]
[White "Fossan, Benjamin"]
[Black "Machlik, Monika"]
[Result "1/2-1/2"]
[WhiteElo "1855"]
[BlackElo "2049"]
[PlyCount "37"]
[EventDate "2017.07.01"]
[EventType "swiss"]
[EventRounds "9"]
[EventCountry "NOR"]
[SourceTitle "EXT 2018"]
[Source "ChessBase"]
[SourceDate "2017.10.13"]
[SourceVersion "1"]
[SourceVersionDate "2017.10.13"]
[SourceQuality "1"]

1. e4 c6 2. d4 d5 3. exd5 cxd5 4. c4 Nf6 5. Nc3 Nc6 6. Bg5 dxc4 7. Bxc4 h6 8. Bf4 e6 9. Nf3 Be7 10. 0-0 0-0 11. a3 b6 12. Qd3 Bb7 13. Rfd1 Rc8 14. Rac1 Bd6 15. Bxd6 Qxd6 16. Ba6 Bxa6 17. Qxa6 Rfd8 18. h3 Nd5 19. Nb5 1/2-1/2

[Event "NOR-ch U20"]
[Site "Stavanger"]
[Date "2017.07.04"]
[Round "5"]
[White "Rodsmoen, Maud"]
[Black "Fossan, Benjamin"]
[Result "0-1"]
[WhiteElo "1968"]
[BlackElo "1855"]
[PlyCount "70"]
[EventDate "2017.07.01"]
[EventType "swiss"]
[EventRounds "9"]
[EventCountry "NOR"]
[SourceTitle "EXT 2018"]
[Source "ChessBase"]
[SourceDate "2017.10.13"]
[SourceVersion "1"]
[SourceVersionDate "2017.10.13"]
[SourceQuality "1"]

1. e4 c5 2. Nf3 Nc6 3. d4 cxd4 4. Nxd4 g6 5. Nc3 Bg7 6. Be3 Nf6 7. Nxc6 bxc6 8. e5 Ng8 9. f4 f6 10. Bd4 Qa5 11. Qe2 fxe5 12. fxe5 Nh6 13. g4 Rb8 14. Rb1 c5 15. Bf2 Rxb2 16. Rxb2 Qxc3+ 17. Kd1 Qxb2 18. Bxc5 Qxe5 19. Qxe5 Bxe5 20. Be2 d6 21. Bxa7 Bxg4 22. Bxg4 Nxg4 23. h3 Nf6 24. Ke2 Kd7 25. Rb1 Rc8 26. Rb7+ Rc7 27. Rxc7+ Kxc7 28. Kd3 Nd5 29. Kc4 Nb6+ 30. Kb5 Bd4 31. c3 Bc5 32. Bxb6+ Bxb6 33. a4 g5 34. a5 Bxa5 35. Kxa5 h5 0-1

[Event "NOR-ch U20"]
[Site "Stavanger"]
[Date "2017.07.01"]
[Round "1"]
[White "Machlik, Edit"]
[Black "Fossan, Benjamin"]
[Result "1/2-1/2"]
[WhiteElo "2084"]
[BlackElo "1855"]
[PlyCount "47"]
[EventDate "2017.07.01"]
[EventType "swiss"]
[EventRounds "9"]
[EventCountry "NOR"]
[SourceTitle "EXT 2018"]
[Source "ChessBase"]
[SourceDate "2017.10.13"]
[SourceVersion "1"]
[SourceVersionDate "2017.10.13"]
[SourceQuality "1"]

1. d4 Nf6 2. c4 g6 3. Nc3 d5 4. cxd5 Nxd5 5. Na4 Bg7 6. e4 Nf6 7. f3 0-0 8. Be3 Nbd7 9. Ne2 e5 10. d5 b6 11. Nec3 Bb7 12. Bb5 Rc8 13. 0-0 Nb8 14. Qb3 c6 15. dxc6 Nxc6 16. Ne2 Qe7 17. Nac3 Rfd8 18. Rfd1 h6 19. Qa4 Rxd1+ 20. Rxd1 a6 21. Bxc6 Rxc6 22. Qb3 b5 23. Nd5 Nxd5 24. Rxd5 1/2-1/2

[Event "Helsingor Xtracon op"]
[Site "Helsingor"]
[Date "2016.07.26"]
[Round "5"]
[White "Fossan, Benjamin"]
[Black "Birkestrand, Odd Helge"]
[Result "1-0"]
[WhiteElo "1873"]
[BlackElo "1676"]
[PlyCount "39"]
[EventDate "2016.07.23"]
[EventType "swiss"]
[EventRounds "10"]
[EventCountry "DEN"]
[SourceTitle "CBM 173 Extra"]
[Source "ChessBase"]
[SourceDate "2016.08.29"]
[SourceVersion "1"]
[SourceVersionDate "2016.08.29"]
[SourceQuality "1"]

1. e4 g6 2. d4 Bg7 3. Nc3 d6 4. Be3 Nf6 5. f3 a6 6. Qd2 0-0 7. 0-0-0 b5 8. Bh6 Bb7 9. h4 Nbd7 10. h5 c5 11. hxg6 fxg6 12. Bxg7 Kxg7 13. Qh6+ Kg8 14. e5 Qe8 15. exf6 Nxf6 16. dxc5 dxc5 17. Bd3 Qf7 18. Nh3 Qg7 19. Qxg7+ Kxg7 20. Ng5 1-0

[Event "Helsingor Xtracon op"]
[Site "Helsingor"]
[Date "2016.07.24"]
[Round "2"]
[White "Bjarnason, Larus H"]
[Black "Fossan, Benjamin"]
[Result "0-1"]
[WhiteElo "1586"]
[BlackElo "1873"]
[PlyCount "70"]
[EventDate "2016.07.23"]
[EventType "swiss"]
[EventRounds "10"]
[EventCountry "DEN"]
[SourceTitle "CBM 173 Extra"]
[Source "ChessBase"]
[SourceDate "2016.08.29"]
[SourceVersion "1"]
[SourceVersionDate "2016.08.29"]
[SourceQuality "1"]

1. d4 Nf6 2. c4 g6 3. Nc3 d5 4. Bf4 Bg7 5. e3 0-0 6. c5 c6 7. Bd3 Re8 8. h3 Nbd7 9. b4 e5 10. Bxe5 Nxe5 11. dxe5 Rxe5 12. Nf3 Re8 13. Ne2 b6 14. Rc1 bxc5 15. Rxc5 Bf8 16. Rxc6 Bxb4+ 17. Kf1 Bd7 18. Rc1 Qa5 19. g3 Rac8 20. Rxc8 Rxc8 21. Qb1 Qc5 22. Nfd4 Qe7 23. Kg2 a5 24. Bc2 Ne4 25. Qb3 Qd6 26. h4 h5 27. Nf4 Nc3 28. Rc1 Ba4 29. Qb2 Ba3 30. Qa1 Bxc1 31. Qxc1 Nxa2 32. Qb2 Bxc2 33. Qxa2 Qc5 34. Qxd5 Qxd5+ 35. Nxd5 Be4+ 0-1

[Event "Politiken Cup 36th"]
[Site "Helsingor"]
[Date "2014.07.29"]
[Round "10"]
[White "Arbeus, Carl Johan"]
[Black "Fossan, Benjamin"]
[Result "1/2-1/2"]
[WhiteElo "1819"]
[BlackElo "1676"]
[PlyCount "82"]
[EventDate "2014.07.21"]
[EventType "swiss"]
[EventRounds "10"]
[EventCountry "DEN"]
[SourceTitle "CBM 161 Extra"]
[Source "ChessBase"]
[SourceDate "2014.08.29"]
[SourceVersion "1"]
[SourceVersionDate "2014.08.29"]
[SourceQuality "1"]

1. e4 c5 2. Nf3 g6 3. d4 cxd4 4. Nxd4 Bg7 5. c4 Nc6 6. Be3 Nf6 7. Nc3 Ng4 8. Qxg4 Nxd4 9. Qd1 e5 10. Bxd4 exd4 11. Nd5 0-0 12. Bd3 d6 13. 0-0 Be6 14. Qd2 Bxd5 15. exd5 Re8 16. Rfe1 Qd7 17. Rxe8+ Rxe8 18. Re1 Rxe1+ 19. Qxe1 Qa4 20. Qb1 Kf8 21. h4 Be5 22. h5 Kg7 23. g3 Qb4 24. f4 Bf6 25. Qc2 Qe1+ 26. Kg2 gxh5 27. Bxh7 h4 28. gxh4 Bxh4 29. Be4 Qg3+ 30. Kh1 Qxf4 31. b4 b6 32. Qd3 Qe3 33. Kg2 Qxd3 34. Bxd3 Be1 35. b5 Kf6 36. Kf3 Kg5 37. a4 f5 38. Be2 Bd2 39. Bd3 Be3 40. Be2 Bd2 41. Bd3 Be3 1/2-1/2

[Event "Politiken Cup 36th"]
[Site "Helsingor"]
[Date "2014.07.26"]
[Round "7"]
[White "Fossan, Benjamin"]
[Black "Helin, Mikael"]
[Result "0-1"]
[WhiteElo "1676"]
[BlackElo "1885"]
[PlyCount "144"]
[EventDate "2014.07.21"]
[EventType "swiss"]
[EventRounds "10"]
[EventCountry "DEN"]
[SourceTitle "CBM 161 Extra"]
[Source "ChessBase"]
[SourceDate "2014.08.29"]
[SourceVersion "1"]
[SourceVersionDate "2014.08.29"]
[SourceQuality "1"]

1. e4 c5 2. Nf3 a6 3. d4 cxd4 4. Nxd4 e6 5. a3 Qc7 6. Nc3 Nf6 7. Be3 b5 8. Bd3 Bb7 9. 0-0 h5 10. f3 Bc5 11. Qe2 Bd6 12. h3 h4 13. f4 Nh5 14. Qg4 Nc6 15. Nxc6 dxc6 16. Qxh4 Be7 17. Qf2 c5 18. e5 f5 19. exf6 Nxf6 20. Bg6+ Kf8 21. Rad1 Qc6 22. Qg3 b4 23. axb4 cxb4 24. Ne2 Nd5 25. Be4 Qc7 26. Nd4 Qb6 27. Nf5 exf5 28. Bxb6 fxe4 29. Bd4 Nf6 30. Bxf6 gxf6 31. Rd7 Rh7 32. Qb3 Bc5+ 33. Kh2 Rxd7 34. Qe6 Rd6 35. Qf5 Rc8 36. h4 e3 37. h5 Bb6 38. h6 Rc5 39. Qg6 Rd2 40. h7 Rxg2+ 41. Qxg2 Rh5+ 42. Qh3 Rxh3+ 43. Kxh3 Kg7 44. Rd1 e2 45. Rd7+ Kh8 46. Re7 Bf3 47. Kg3 Bh5 48. Kh4 e1Q+ 49. Rxe1 Bf2+ 50. Kxh5 Bxe1 51. Kg6 a5 52. b3 Bc3 53. Kh6 Bd4 54. Kg6 Be3 55. Kxf6 Bxf4 56. Kf5 Bd2 57. Ke4 Kxh7 58. Kd3 Bc3 59. Ke2 Kg6 60. Kd1 Kf5 61. Kc1 Ke4 62. Kb1 Ke3 63. Kc1 Ke2 64. Kb1 Kd2 65. Ka2 a4 66. Kb1 axb3 67. cxb3 Be5 68. Ka2 Kc3 69. Ka1 Kxb3+ 70. Kb1 Ka3 71. Kc2 Ka2 72. Kd3 b3 0-1

[Event "Politiken Cup 36th"]
[Site "Helsingor"]
[Date "2014.07.22"]
[Round "2"]
[White "Fossan, Benjamin"]
[Black "Mehringer, Joerg"]
[Result "0-1"]
[WhiteElo "1676"]
[BlackElo "1939"]
[PlyCount "80"]
[EventDate "2014.07.21"]
[EventType "swiss"]
[EventRounds "10"]
[EventCountry "DEN"]
[SourceTitle "CBM 161 Extra"]
[Source "ChessBase"]
[SourceDate "2014.08.29"]
[SourceVersion "1"]
[SourceVersionDate "2014.08.29"]
[SourceQuality "1"]

1. e4 e5 2. Nf3 Nc6 3. Bc4 Nf6 4. d3 d6 5. c3 Bg4 6. Nbd2 Qd7 7. h3 Bh5 8. a3 Be7 9. Nf1 0-0 10. Ng3 Bg6 11. Nh4 d5 12. Nxg6 hxg6 13. exd5 Nxd5 14. 0-0 Rad8 15. Qe2 Nf4 16. Bxf4 exf4 17. Ne4 Ne5 18. d4 f3 19. gxf3 Nxc4 20. Qxc4 b5 21. Qe2 Qxh3 22. Qxb5 Qxf3 23. Rae1 Bh4 24. Re3 Bxf2+ 25. Rxf2 Qxe3 26. Ng5 Rb8 27. Qe2 Qxg5+ 28. Rg2 Qh5 29. Qf2 Rb5 30. Rh2 Rg5+ 31. Rg2 Qd1+ 32. Kh2 Rh5+ 33. Kg3 Qd3+ 34. Kf4 Rf5+ 35. Kg4 Rxf2 36. Rxf2 Re8 37. Rf4 Re3 38. a4 Rh3 39. Kg5 Qg3+ 40. Rg4 Rh5# 0-1

[Event "Nordic School-chT"]
[Site "Helsinki"]
[Date "2013.09.14"]
[Round "4.7"]
[White "Ward, William1111"]
[Black "Fossan, Benjamin"]
[Result "0-1"]
[WhiteElo "1250"]
[BlackElo "1179"]
[PlyCount "50"]
[EventDate "2013.09.13"]
[EventType "team-tourn"]
[EventRounds "5"]
[EventCountry "FIN"]
[SourceTitle "EXT 2022"]
[Source "ChessBase"]
[SourceDate "2021.10.06"]
[SourceVersion "1"]
[SourceVersionDate "2021.10.06"]
[SourceQuality "1"]
[WhiteTeam "Taby Vallatorpskolan"]
[BlackTeam "Stavanger Lassa Skola"]
[WhiteTeamCountry "SWE"]
[BlackTeamCountry "NOR"]

1. f4 c5 2. e3 g6 3. d4 Nf6 4. Bd3 d5 5. c3 b6 6. Nf3 Bg7 7. 0-0 0-0 8. Ne5 Bb7 9. Nd2 Nbd7 10. Ndf3 Ne4 11. Qe1 Nxe5 12. fxe5 Qd7 13. Qh4 f6 14. a4 fxe5 15. Nxe5 Rxf1+ 16. Kxf1 Bxe5 17. dxe5 Qf5+ 18. Kg1 Qxe5 19. c4 dxc4 20. Bxc4+ Bd5 21. Bxd5+ Qxd5 22. g3 Qd1+ 23. Kg2 Qe2+ 24. Kh3 Qf1+ 25. Kg4 Qf5# 0-1